000 00660nam a22002057a 4500
005 20140304153657.0
010 _aENG-108649
020 _a9788188965779
_c475.00
035 _aEN-92182
037 _bDBAD/PUB
082 _a954.04
100 _aAnanya Jahanara Kabir
245 _aPartition's post-amnesias :
_cby Ananya Jahanara Kabir
_b1947, 1971 and modern South Asia /
260 _aNew Delhi
_c2013
_bWomen Unlimited
270 _a7/10, Sarvapriya Vihar, First Floor
_bNew Delhi
_e110016
300 _axiv,188p.
_c22cm(Hb)
500 _aIncludes bibliographical references and index
600 _d
942 _2ddc
_cEN
_mANA
_h954.04
999 _c80678
_d80678